[Event "Hamburg-ch Seniors op 13th"]
[Site "Hamburg"]
[Date "2006.11.03"]
[Round "9"]
[White "Hitzker, Johann"]
[Black "Barkan, Viktor"]
[Result "0-1"]
[WhiteElo "1419"]
[BlackElo "1598"]
[PlyCount "128"]
[EventDate "2006.10.27"]
[EventType "swiss"]
[EventRounds "9"]
[EventCountry "GER"]
[SourceTitle "EXT 2022"]
[Source "ChessBase"]
[SourceDate "2021.10.06"]
[SourceVersion "1"]
[SourceVersionDate "2021.10.06"]
[SourceQuality "1"]

1. c4 Nf6 2. d4 c5 3. e3 cxd4 4. exd4 e6 5. Nc3 Bb4 6. Bd2 0-0 7. Bd3 d5 8. c5 a6 9. a3 Ba5 10. b4 Bc7 11. Nf3 Nbd7 12. Bg5 Qe8 13. Qc2 e5 14. dxe5 Bxe5 15. Kd2 Ne4+ 16. Bxe4 Bxc3+ 17. Qxc3 dxe4 18. Rhe1 f5 19. Bf4 Nf6 20. Nd4 Bd7 21. h3 Kh8 22. Bd6 Rf7 23. Qc4 Rc8 24. f3 Re7 25. Bxe7 Qxe7 26. Ke3 h5 27. Kf2 Kh7 28. Qc1 Nd5 29. Kg1 e3 30. f4 Qh4 31. Rxe3 Qxf4 32. Rd3 Qe4 33. Qf1 Re8 34. Qf3 g6 35. Rad1 Bc6 36. Qxe4 fxe4 37. Nxc6 exd3 38. Rxd3 bxc6 39. Kf2 Rf8+ 40. Kg3 Re8 41. Kf2 Kg7 42. Rb3 Re4 43. Kf3 Rf4+ 44. Kg3 h4+ 45. Kh2 Kf6 46. Rd3 g5 47. g3 hxg3+ 48. Kxg3 Kf5 49. Rf3 Ke4 50. Rc3 Ne3 51. a4 Nf5+ 52. Kh2 Nd4 53. Rg3 Kf5 54. Rd3 Ke4 55. Rg3 Rf5 56. Rg4+ Ke5 57. Kg3 Ne2+ 58. Kh2 Nf4 59. h4 gxh4 60. Rxh4 Rh5 61. Kg3 Rxh4 62. Kxh4 Kd5 63. b5 Kxc5 64. bxa6 Kb6 0-1

[Event "Hamburg-ch Seniors op 13th"]
[Site "Hamburg"]
[Date "2006.10.31"]
[Round "5"]
[White "Zimmermann, Manfred"]
[Black "Barkan, Viktor"]
[Result "1-0"]
[WhiteElo "1615"]
[BlackElo "1598"]
[PlyCount "43"]
[EventDate "2006.10.27"]
[EventType "swiss"]
[EventRounds "9"]
[EventCountry "GER"]
[SourceTitle "EXT 2022"]
[Source "ChessBase"]
[SourceDate "2021.10.06"]
[SourceVersion "1"]
[SourceVersionDate "2021.10.06"]
[SourceQuality "1"]

1. e4 d6 2. d4 g6 3. Be3 c6 4. Bd3 Bg7 5. f4 Qb6 6. Nf3 Bg4 7. Bc4 d5 8. exd5 cxd5 9. Bxd5 e6 10. Bb3 Ne7 11. c3 0-0 12. Nbd2 Nbc6 13. 0-0 Qc7 14. h3 Bf5 15. Ne5 Nd5 16. Qe2 Nf6 17. g4 Be4 18. Bf2 Bd5 19. c4 Nxe5 20. dxe5 Nxg4 21. cxd5 Nxf2 22. Qxf2 1-0

[Event "Hamburg-ch Seniors op 13th"]
[Site "Hamburg"]
[Date "2006.10.30"]
[Round "4"]
[White "Barkan, Viktor"]
[Black "Diehl, Walter"]
[Result "1-0"]
[WhiteElo "1598"]
[BlackElo "1790"]
[PlyCount "105"]
[EventDate "2006.10.27"]
[EventType "swiss"]
[EventRounds "9"]
[EventCountry "GER"]
[SourceTitle "EXT 2022"]
[Source "ChessBase"]
[SourceDate "2021.10.06"]
[SourceVersion "1"]
[SourceVersionDate "2021.10.06"]
[SourceQuality "1"]

1. e4 c5 2. Nc3 Nc6 3. Bb5 Nd4 4. Bc4 d6 5. Nce2 Nc6 6. Nf4 Nf6 7. d3 e6 8. Bb3 g6 9. Nge2 Bg7 10. c3 b5 11. a4 b4 12. c4 Nd7 13. g3 Nd4 14. Nxd4 Bxd4 15. Ne2 Bg7 16. 0-0 Bb7 17. Nf4 a5 18. Rb1 0-0 19. Bc2 Nb6 20. b3 d5 21. Be3 Rc8 22. Ng2 Rc7 23. Qe2 Qa8 24. f3 Qd8 25. Rbd1 Nc8 26. Nf4 Ne7 27. Qf2 d4 28. Bc1 Nc6 29. Qe2 Bc8 30. Ng2 e5 31. Rde1 Bh3 32. Bd1 f6 33. Kh1 Rcf7 34. f4 f5 35. Bc2 Qd7 36. Rf2 Bg4 37. Qf1 Bh3 38. Qe2 Bh6 39. Rg1 Bg4 40. Qf1 fxe4 41. dxe4 Rd8 42. Qd3 Bh3 43. Ne1 exf4 44. gxf4 Ne5 45. Qg3 Ng4 46. Nd3 Nxf2+ 47. Nxf2 Bxf4 48. Bxf4 Rdf8 49. Nxh3 Rf6 50. Bd3 Qf7 51. Rf1 h6 52. Kg1 g5 53. e5 1-0

[Event "Hamburg-ch Seniors op 13th"]
[Site "Hamburg"]
[Date "2006.10.29"]
[Round "3"]
[White "Blumenberg, Walter"]
[Black "Barkan, Viktor"]
[Result "1-0"]
[WhiteElo "1932"]
[BlackElo "1598"]
[PlyCount "71"]
[EventDate "2006.10.27"]
[EventType "swiss"]
[EventRounds "9"]
[EventCountry "GER"]
[SourceTitle "EXT 2022"]
[Source "ChessBase"]
[SourceDate "2021.10.06"]
[SourceVersion "1"]
[SourceVersionDate "2021.10.06"]
[SourceQuality "1"]

1. b4 d5 2. Bb2 e6 3. a3 Nf6 4. e3 Be7 5. Nf3 0-0 6. c4 c6 7. Nc3 Nbd7 8. d4 Ne4 9. Nxe4 dxe4 10. Nd2 f5 11. Qb3 Nf6 12. g3 Rb8 13. a4 Bd7 14. Be2 Be8 15. 0-0 Bf7 16. Qc3 Ne8 17. f3 exf3 18. Bxf3 Bg6 19. Rad1 a6 20. Nb3 Qc8 21. Nc5 Bf6 22. Nd3 Nc7 23. Ne5 Be8 24. a5 Bg6 25. Qb3 Bxe5 26. dxe5 Bf7 27. Bd4 Re8 28. Rd2 Re7 29. Rfd1 Rd7 30. Bb6 Rxd2 31. Rxd2 Ne8 32. Rd8 Qxd8 33. Bxd8 Rxd8 34. b5 axb5 35. cxb5 cxb5 36. Qxb5 1-0

[Event "Hamburg Robinow op"]
[Site "Hamburg"]
[Date "2005.10.04"]
[Round "4"]
[White "Barkan, Viktor"]
[Black "Klinkow, Alexander"]
[Result "1/2-1/2"]
[WhiteElo "1573"]
[BlackElo "1772"]
[PlyCount "37"]
[EventDate "2005.10.01"]
[EventType "swiss"]
[EventRounds "9"]
[EventCountry "GER"]
[SourceTitle "CBM 108 Extra"]
[Source "ChessBase"]
[SourceDate "2005.11.04"]
[SourceVersion "1"]
[SourceVersionDate "2005.11.04"]
[SourceQuality "1"]

1. e4 c5 2. Nc3 Nc6 3. f4 g6 4. Nf3 Bg7 5. Bc4 e6 6. 0-0 a6 7. Re1 Nge7 8. e5 Nf5 9. Bd3 Ncd4 10. Nxd4 Nxd4 11. Ne4 b6 12. Nd6+ Kf8 13. Be4 Ra7 14. c3 Nb5 15. Nxc8 Qxc8 16. a4 Nc7 17. d4 c4 18. Be3 Nd5 19. Qf3 1/2-1/2

[Event "Hamburg Robinow op"]
[Site "Hamburg"]
[Date "2005.10.02"]
[Round "2"]
[White "Cupina, Ibrahim"]
[Black "Barkan, Viktor"]
[Result "0-1"]
[WhiteElo "1730"]
[BlackElo "1573"]
[PlyCount "102"]
[EventDate "2005.10.01"]
[EventType "swiss"]
[EventRounds "9"]
[EventCountry "GER"]
[SourceTitle "CBM 108 Extra"]
[Source "ChessBase"]
[SourceDate "2005.11.04"]
[SourceVersion "1"]
[SourceVersionDate "2005.11.04"]
[SourceQuality "1"]

1. e4 e6 2. d4 c5 3. c3 Nc6 4. Nf3 d5 5. e5 cxd4 6. cxd4 f6 7. Bd3 Be7 8. 0-0 f5 9. Nc3 a6 10. Ne2 Bd7 11. a3 Rc8 12. b4 Nh6 13. Bxh6 gxh6 14. Ng3 0-0 15. Re1 Be8 16. Rc1 Kh8 17. Ne2 Rg8 18. Nf4 Bf7 19. Bf1 Qf8 20. Qa4 Rg4 21. g3 Qg8 22. Bg2 Be8 23. Qd1 h5 24. h3 Rg7 25. h4 Rg4 26. Nh2 Rxf4 27. gxf4 Bxh4 28. Nf3 Be7 29. Qd2 h6 30. Kh2 h4 31. Rg1 Bd7 32. Bh3 Qd8 33. Rg6 Bf8 34. Rcg1 Ne7 35. R6g2 Qc7 36. Nxh4 Be8 37. Qd3 Qc2 38. Qxc2 Rxc2 39. f3 Rc4 40. Rd2 Kh7 41. Bf1 Rc3 42. Rd3 Rc2+ 43. Rg2 Rc1 44. Rf2 Bb5 45. Kg2 Bxd3 46. Bxd3 Rc3 47. Bb1 Nc6 48. b5 axb5 49. Rb2 Nxd4 50. a4 Be7 51. Kg3 b4 0-1